MOSQUES OF INDIA (Record no. 93647)

MARC details
000 -LEADER
fixed length control field 00417nam a2200145Ia 4500
008 - FIXED-LENGTH DATA ELEMENTS--GENERAL INFORMATION
fixed length control field 211109s9999||||xx |||||||||||||| ||und||
082 ## - DEWEY DECIMAL CLASSIFICATION NUMBER
Classification number 726.2095
Item number DES-M
100 ## - MAIN ENTRY--PERSONAL NAME
Personal name Desai, Ziyaud Din A
245 #0 - TITLE STATEMENT
Title MOSQUES OF INDIA
260 ## - PUBLICATION, DISTRIBUTION, ETC.
Name of publisher, distributor, etc. Mib
Place of publication, distribution, etc. INDIA
Date of publication, distribution, etc. 2009
300 ## - PHYSICAL DESCRIPTION
Extent 10p.
630 ## - SUBJECT ADDED ENTRY--UNIFORM TITLE
General subdivision Reference reading room
650 ## - SUBJECT ADDED ENTRY--TOPICAL TERM
Topical term or geographic name entry element Mosques
942 ## - ADDED ENTRY ELEMENTS (KOHA)
Koha item type BOOK
650 ## - SUBJECT ADDED ENTRY--TOPICAL TERM
Form subdivision India
General subdivision Islamic architectureBuildings for religious purposesGeneralia
Holdings
Withdrawn status Lost status Damaged status Not for loan Home library Current library Date acquired Cost, normal purchase price Total Checkouts Full call number Barcode Shelving location Date last seen Price effective from Koha item type
        SB LIBRARY SB LIBRARY 09/11/2021 10.00   726.2095 DES-M 00078627 REFERENCE READING ROOM 09/11/2021 09/11/2021 BOOK

Powered by Koha